Milo Urban: S tichého frontu

Bibliographic Details
Main Author: A. M. (Author)
Format: Article
Language:Slovak

MARC

LEADER 00000nab a2200000uu 4500
001 vtls011519397
003 SK-MaSNL
005 20260303181223.0
008 230704|1933 xo |||||||||||||||||slo|
015 |a SNBRB 
035 |a (urnnbn)urn:nbn:sk:snk:ar-001zs5 
035 |a (uuid)2aa51532-baa5-4b15-90fb-8c44e022ee61 
035 |a urn:nbn:sk:snk-abe848 
040 |a SNKBUCL  |b slo  |c SNKBUCL  |e AACR2 
041 0 |a slo 
044 |a xo  |c SK 
100 0 |a A. M.  |4 aut  |9 1118222 
245 1 0 |a Milo Urban: S tichého frontu  |c A. M. 
773 0 |t Slovenské pohľady  |g Roč. 49, č. 2 (1933), s. 124 
850 |a Slovenská národná knižnica 
852 |a Slovenská národná knižnica 
954 |a odborná, vedecká literatúra pôvodná (slovenská)  |2 lita 
958 |a EUIPO 
958 |a OND 
958 |a article21 
999 |c 2110099  |d 2112029